Šalamúnske rozhodnutia okolo zriaďovania Východoslovenského divadla stále pokračujú

Bibliographic Details
Main Author: Jurčišin, Jozef (Author)
Format: Article
Language:Slovak
Subjects:

MARC

LEADER 00000nab a2200000 a 4500
001 vtls000571891
003 SK-MaSNL
005 20260303200622.0
008 120929c1996 xo 0 slo
015 |a SNBRB19rr/mm-uuuuu 
035 |a CL0572029 
040 |a SNKBUCL  |b slo  |c SNKBUCL  |e AACR2 
041 0 |a slo 
044 |a xo  |c SK 
080 |a 792(437.6)  |2 1981 
100 1 |a Jurčišin, Jozef  |4 aut  |9 548808 
245 1 0 |a Šalamúnske rozhodnutia okolo zriaďovania Východoslovenského divadla stále pokračujú  |c Jozef Jurčišin 
610 2 7 |a Východoslovenské divadlo (Košice, Slovensko)  |2 snkbucl  |9 94662 
610 2 7 |a Divadlo Janka Borodáča  |2 snkbucl  |9 232364 
610 2 7 |a Divadlo Jonáša Záborského  |2 snkbucl  |9 29722 
655 7 |a články z novín a časopisov  |2 snkbucl  |9 267496 
773 0 |t Národná obroda  |g Roč. 7, č. 9 (12. 1. 1996), s. 2 
850 |a Slovenská národná knižnica v Martine  |a MTA001 
852 |a SNK  |b KIS3GCP 
958 |a RK 
992 |a RBX 
999 |c 2168931  |d 2170861